| 000 | 00818nam a2200229 a 4500 | ||
|---|---|---|---|
| 001 | 3140 | ||
| 003 | CDMR | ||
| 005 | 20151022114202.0 | ||
| 008 | 130130s1981||||||||||||||||||||||||||||d | ||
| 020 | _a9233017869 | ||
| 040 |
_aCDMR _bcat _cCDMR |
||
| 100 | 1 |
_aHancock, Alan _92292 |
|
| 245 | 1 | 0 |
_aPlanificación de la comunicación para el desarrollo _b: [marco operativo de referencia] _cAlan Hancock ; traducción, Simón Espinosa |
| 260 |
_aQuito _c1981 _bAndina |
||
| 300 | _a222 p. | ||
| 650 | 0 | 4 |
_94427 _aMitjans de comunicació de massa en el desenvolupament comunitari |
| 650 | 0 | 4 |
_94364 _aPolítica de la comunicació |
| 650 | 0 | 4 |
_94329 _aPlanificació estratègica |
| 710 | 2 |
_9307 _aCentro Internacional de Estudios Superiores de Comunicación para América Latina |
|
| 710 | 2 |
_91452 _aUnesco |
|
| 942 |
_cMON _2udc |
||
| 999 |
_c3140 _d3140 |
||